Más allá de la competencia: la creación de nuevos valores y objetivos en la empresa
Gardado en:
| Autor Principal: | |
|---|---|
| Formato: | Libro |
| Idioma: | Lingua castelá |
| Publicado: |
Buenos Aires
Paidós
1994
|
| Edición: | 1a. ed |
| Series: | Paidós Empresa, 21
|
| Subjects: | |
| Tags: |
Engadir etiqueta
Sen Etiquetas, Sexa o primeiro en etiquetar este rexistro!
|
MARC
| LEADER | 00000cam a2200000 a 4500 | ||
|---|---|---|---|
| 001 | UCD6861 | ||
| 003 | CL-VaPUC | ||
| 008 | 170226e19940000ag |||||||||||||||||spa|d | ||
| 020 | |a 9501210219 | ||
| 082 | 0 | 4 | |a 658.8 |b BON |2 21 |
| 100 | 0 | |a Bono, Edward de |e author |9 475301 | |
| 245 | 1 | 0 | |a Más allá de la competencia: la creación de nuevos valores y objetivos en la empresa |
| 250 | |a 1a. ed | ||
| 300 | |a 249 p | ||
| 942 | |c BK | ||
| 945 | |d 20170226 00:48:00 |a arojas | ||
| 260 | |a Buenos Aires |b Paidós |c 1994 | ||
| 650 | 0 | |a Administración de empresas |9 260833 | |
| 650 | 0 | |a Planificación empresarial |9 259791 | |
| 650 | 0 | |a Competencia |9 269688 | |
| 650 | 0 | |a Creatividad |9 310816 | |
| 650 | 0 | |a Mercado |9 321497 | |
| 650 | 0 | |a Costos |9 261063 | |
| 650 | 0 | |a Competitividad |9 308495 | |
| 583 | |a last modification |c 20170226 00:48:00 |k Rodrigo Vera | ||
| 490 | 0 | |a Paidós Empresa, 21 | |
| 999 | |c 367038 |d 367036 | ||
| 952 | |0 0 |1 0 |3 erb |4 0 |6 658_800000000000000_BON_1994 |7 0 |8 A |9 481720 |a BIBENE |b BIBENE |i 5327644 |o 658.8 BON 1994 |p 5327644 |r 2025-01-15 |w 2019-11-24 |y BK |z Catalogado en:20170226 |k ICO | ||